LEADER 01225nam a2200289 i 4500 001 000000244027 003 CaOOAMICUS 005 20231228120942.0 008 150728s1666 it u000 u ita u 013 $a222932 026 $aI-oi 93he zai, Przi (3) 1666 (A) 040 $aSeMil$bita 100 1 $aPallavicino, Pietro Sforza,$c.$0(OLS)http://semarc/name/6649 245 10$aArte della perfezione cristiana del Card. Sforza Pallavicino divisa in tre libri. 264 1$aIn Milano :$bAppresso Lodovico Monza,$c1666. 300 $a[14], 405, [3] p. ;$c12º. 500 $aSegn.: +6 A-R12 500 $aCors. ; rom. 500 $aFregi, iniz. xilogr. 650 4$aPerfezione cristiana.$0(OLS)http://semarc/subject/2090 700 1 $aMonza, Lodovico,$c.$0(OLS)http://semarc/name/19554 850 $aSeMil 852 $aSeMil$W1$xVenegono$y1$m2ZB IX 7 FA$j194373$B194373$CSeMilBibl$Z2$F204997 $8I 961 $aLascito: Bidoglio don Maurizio 996 $6245$aArte della perfezione cristiana del Card. Sforza Pallavicino divisa in tre libri$9(OLS)http://semarc/title/345952 996 $6264$aIn Milano :$bAppresso Lodovico Monza$9(OLS)http://semarc/publisher/40100 LEADER 00960nam a2200181 i 4500 001 000000055229 003 CaOOAMICUS 005 19970623000000.0 008 970623n xx u000 u eng u 013 $a26401 040 $aSeMil$bita 100 1 $aCasey, Josephus H. .$0(OLS)http://semarc/name/27682 245 14$aThe notion of being in recent works of Etienne Gilson. Romae :$b[s.n.], 1953. ((Excerpta ex dissertatione ad Lauream in Facultate Philosophica Pontificiae Universitatis Gregorianae. 650 4$aGilson, Étienne.$0(OLS)http://semarc/subject/6099 650 4$aTesi di laurea.$0(OLS)http://semarc/subject/1690 850 $aSeMil 852 $aSeMil$W1$xVenegono$y1$m2I II 398$j21383$B21383$CSeMilBibl$Z2$F21385 $81 996 $6245$aThe notion of being in recent works of Etienne Gilson. Romae :$b[s.n.], 1953. ((Excerpta ex dissertatione ad Lauream in Facultate Philosophica Pontificiae Universitatis Gregorianae.$9(OLS)http://semarc/title/85624